Managerial and Marketing Communication

Na minha lista:
Detalhes bibliográficos
Autor principal: Malega, Peter
Outros Autores: Daneshjo, Naqibullah, 1964-, Hudáková, Monika, Mendala, Jacek, Erdogan, Cengiz
Formato: Livro
Idioma:inglês
Publicado em: Lüdenscheid RAM-Verlag 2025
Edição:1st Edition
Assuntos:
Tags: Adicionar Tag
Sem tags, seja o primeiro a adicionar uma tag!

MARC

LEADER 00000nam a2200000 4500
001 0312331
005 20250917103107.0
020 |a 978-3-96595-046-7 
041 0 |a eng 
044 |a DE 
245 1 0 |a Managerial and Marketing Communication  |c Peter Malega, Naqibullah Daneshjo ; Reviewers: Monika Hudáková, Jacek Mendala, Cengiz Erdogan 
250 |a 1st Edition 
264 1 |a Lüdenscheid  |b RAM-Verlag  |c 2025 
300 |a 208 s. [10 AH] 
610 2 0 |a komunikácia manažérska 
610 2 0 |a komunikácia marketingová 
610 2 0 |a komunikácia 
610 2 0 |a asertivita 
610 2 0 |a diplomacia 
610 2 0 |a riadenie vzťahov so zákazníkmi 
610 2 0 |a vyjednávanie 
610 2 0 |a komunikácia elektronická 
610 2 0 |a manažment krízový 
100 1 |a Malega, Peter 
700 1 |a Daneshjo, Naqibullah, 1964- 
700 1 |a Hudáková, Monika 
700 1 |a Mendala, Jacek 
700 1 |a Erdogan, Cengiz